Metodología nde la enseñanza teórica de los tractores

Guardado en:
Autor Principal: Novomírsky, S. P.
Formato: Libro
Publicado: Barcelona : Reverté, 1979
Materias:
Etiquetas: Agregar Etiqueta
Sin Etiquetas, Sea el primero en etiquetar este registro!
LEADER 01336nam a22001935a 4500
001 CEM.cems017793
005 20120510102136.0
008 130507s1979##################000#0#####d
003 CEMS
020 |a 8429148485 
082 0 4 |a 631.37 
100 1 |a Novomírsky, S. P. 
245 1 0 |a Metodología nde la enseñanza teórica de los tractores 
260 |a Barcelona :  |b Reverté,  |c 1979 
300 |a 257 p. 
505 0 |a Estructura general y clasificación de los tractores - Funcionamiento de los motores de los tractores - Nociones del manejo y conducción de los tractores - Mecanismo de biela y manivela. Bloque de cilindros - Mecanismo de distribución - Sistema de combustible de los motores - Reguladores - Sistema de lubricación de los motores - Sistema de refrigeración - Dispositivo de puesta en marcha del motor -Acoplamiento de embrague y caja de cambio de velocidades - Puente trasero y mecanismos de dirección del tractor - Dirección y tren de rodaje de los tractores de ruedas . Tren de rodaje de los tractores de oruga - Sistemas hifráulicos de acoplamiento y suspension y otros equipos de trabajo de los tractores - Sistema de entretenimiento técnico de los tractores y conservación de los tractores 
653 |a Tractores 
653 |a Maquinaria agrícola 
859 |a CEMS  |b BIB. CEMS - Agricultura  |h 631.37  |i N859  |p A1553.12  |t Ej.1